000
00335nam a2200145Ia 4500
008
150201s2009 xx 000 0 und d
082
_a
617.6
_b
C07P
100
_a
PROFFIT,WR
245
_a
CONTEMPRORARY ORTHODENTICS
250
_a
4TH
260
_b
ELSEVIER
_a
ELSEVIER
_c
2009
300
_a
1-751
650
_a
DENTISTRY
942
_2
ddc
_c
BK
999
_c
396
_d
396